Detalles MARC
| 000 -LEADER |
| campo de control de longitud fija |
04369nam a22003377a 4500 |
| 001 - NÚMERO DE CONTROL |
| campo de control |
TIGAL 0013 |
| 003 - IDENTIFICADOR DE NÚMERO DE CONTROL |
| campo de control |
gtcocun |
| 005 - FECHA Y HORA DE LA ÚLTIMA TRANSACCIÓN |
| campo de control |
20250923163547.0 |
| 006 - CÓDIGOS DE INFORMACIÓN DE LONGITUD FIJA--CARACTERÍSTICAS DEL MATERIAL ADICIONAL |
| campo de control de longitud fija |
a||||gr|||| 00| 0 |
| 007 - CAMPO FIJO DE DESCRIPCIÓN FÍSICA--INFORMACIÓN GENERAL |
| campo de control de longitud fija |
ta |
| 008 - DATOS DE LONGITUD FIJA--INFORMACIÓN GENERAL |
| campo de control de longitud fija |
250923b2018 gt ||||| m||| 00| 0 eng d |
| 040 ## - FUENTE DE CATALOGACIÓN |
| Centro catalogador/agencia de origen |
gtcocun |
| Lengua de catalogación |
SPA |
| Centro/agencia transcriptor |
gtcocun |
| Normas de descripción |
RDA |
| 041 ## - CÓDIGO DE IDIOMA |
| Código de lengua del texto/banda sonora o título independiente |
SPA TIGAL 0013 |
| 084 ## - OTRO NÚMERO DE CLASIFICACIÓN |
| Número de control del registro de autoridad o número normalizado |
TIGAL 0013 |
| 100 ## - ENTRADA PRINCIPAL--NOMBRE DE PERSONA |
| Nombre de persona |
Mendoza Barrientos, María Fernanda |
| Término indicativo de función/relación |
Autor |
| 245 ## - MENCIÓN DEL TÍTULO |
| Título |
INFORME FINAL DEL EJERCICIO PROFESIONAL SUPERVISADO, REALIZADO EN GOBERNACIÓN DEPARTAMENTAL DE ALTA VERAPAZ/ |
| Mención de responsabilidad, etc. |
María Fernanda Mendoza Barrientos. |
| Medio |
Impreso |
| 264 ## - PRODUCCIÓN, PUBLICACIÓN, DISTRIBUCIÓN, FABRICACIÓN Y COPYRIGHT |
| Producción, publicación, distribución, fabricación y copyright |
Cobán, Alta Verapaz: |
| Nombre del de productor, editor, distribuidor, fabricante |
Universidad de San Carlos de Guatemala, Centro Universitario del Norte, Carrera de Ingeniería en Gestión Ambiental Local |
| Fecha de producción, publicación, distribución, fabricación o copyright |
2018 |
| 300 ## - DESCRIPCIÓN FÍSICA |
| Extensión |
149 p.: |
| Otras características físicas |
Ilustraciones, gráficas. |
| Dimensiones |
28 cm; |
| 300 ## - DESCRIPCIÓN FÍSICA |
| Dimensiones |
PDF |
| 336 ## - TIPO DE CONTENIDO |
| Fuente |
rdacontenido |
| Término de tipo de contenido |
Texto |
| Código de tipo de contenido |
txt |
| 337 ## - TIPO DE MEDIO |
| Fuente |
rdamedio |
| Nombre/término del tipo de medio |
Computadora |
| Código del tipo de medio |
n |
| 338 ## - TIPO DE SOPORTE |
| Fuente |
rdasoporte |
| Nombre/término del tipo de soporte |
Código en línea |
| Código del tipo de soporte |
cr |
| 502 ## - NOTA DE TESIS |
| identificador de la tesis |
TIGAL 0013 |
| 502 ## - NOTA DE TESIS |
| Nota de tesis |
Tesis de grado |
| Tipo de título |
Carrera de Ingeniería en Gestión Ambiental Local, |
| Nombre de la institución que otorga el título |
Universidad de San Carlos de Guatemala, Centro Universitario del Norte, Carrera de Ingeniería en Gestión Ambiental Local |
| Año de obtención del título |
2018 |
| Identificador de la tesis |
TIGAL 0013 |
| 520 14 - RESUMEN, ETC. |
| Sumario, etc. |
El Ejercicio Profesional Supervisado se realizó bajo la dirección del Centro<br/>Universitario del Norte y del programa Ejercicio Profesional Supervisado<br/>Multidisciplinario. El presente informe contiene, de manera detallada, la ejecución<br/>de actividades realizadas en Gobernación Departamental de Alta Verapaz,<br/>dividiéndose los ocho meses correspondientes en las siguientes etapas:<br/>comunitaria, institucional e investigación inferencial.<br/><br/>Por medio de la unidad de práctica Gobernación Departamental de Alta<br/>Verapaz se definió el caserío la Quebrada Sachikaq como área de intervención,<br/>donde inicialmente se desarrolló la fase diagnóstica, en esta etapa se identificaron<br/>los problemas ambientales que requerían de un plan de acción y alternativas<br/>viables, fue así como se planificó el proyecto denominado Fortalecimiento de la<br/>percepción ambiental para contribuir con la conservación de los recursos<br/>naturales del caserío la Quebrada Sachikaq.<br/><br/>La etapa comunitaria integra la intervención del equipo multidisciplinario<br/>en la microrregión IV periurbana Este de San José la Colonia, en esta localidad<br/>se abordaron dos proyectos con los ejes de intervención educación ambiental y<br/>organización comunitaria, la integración de las disciplinas optimizó las alternativas<br/>de solución para el panorama rural.<br/><br/>El último capítulo corresponde a la investigación inferencial, ésta se<br/>desarrolló en la ciudad de Cobán Alta Verapaz como respuesta ante la<br/>contaminación atmosférica, se enfocó en la medición de concentración de<br/>monóxido de carbono generado por el sector transporte.<br/><br/>Donde se obtuvo registros de datos en los horarios con alta carga<br/>vehicular durante un período de tres meses, siendo estos diciembre 2017, enero<br/>2018 y febrero 2018 en los siguientes puntos designados de manera preliminar:<br/>Puente Chiú, Puente El Arco, Escuela Felipa Gómez, Instituto Emilio Rosales<br/>Ponce, Mercado Cantonal, Plaza Magdalena, Escuela de Enfermería, Parque<br/>Nacional Las Victorias y Colegio Imperial.<br/><br/>El registro de valores máximo, mínimo y promedio de concentración de<br/>monóxido de carbono se expresan bajo la dimensional parte por millón, se utilizó<br/>el equipo móvil Toxi Rae Pro, definiendo de manera numérica rangos de<br/>concentración de 0 ppm a 311 ppm en los puntos de medición mencionados, cada<br/>uno de estos lugares mostró variabilidad en cada medición: mañana, medio día y<br/>tarde.<br/><br/>Los valores promedio de concentración se encuentran por debajo de 35<br/>ppm, lo que corresponde a definir que no crea daños severos a la salud del ser<br/>humano; según el valor crítico de la Agencia de Protección Ambiental de Estados<br/>Unidos. |
| 650 14 - PUNTO DE ACCESO ADICIONAL DE MATERIA--TÉRMINO DE MATERIA |
| Fuente del encabezamiento o término |
LEMB |
| Término de materia o nombre geográfico como elemento de entrada |
Cobán, Alta Verapaz |
| Subdivisión general |
Ingeniería en Gestión Ambiental Local |
| -- |
Fase diagnóstica |
| -- |
Ejecución |
| -- |
Informe |
| -- |
Recursos naturales |
| -- |
Educación ambiental |
| 700 ## - ENTRADA AGREGADA--NOMBRE PERSONAL |
| Nombre de persona |
Ing. Julio Oswaldo Méndez Morales |
| Término indicativo de función/relación |
Asesor |
| 856 ## - LOCALIZACIÓN Y ACCESO ELECTRÓNICOS |
| Identificador Uniforme de Recurso |
<a href="https://drive.google.com/file/d/1bQx_eB91ScN8t6Yd-SqHp1aNi9Sq1RK4/view">https://drive.google.com/file/d/1bQx_eB91ScN8t6Yd-SqHp1aNi9Sq1RK4/view</a> |
| Texto de enlace |
PDF |
| Nota pública |
Un ejemplar en línea. |
| 942 ## - ELEMENTOS DE ENTRADA SECUNDARIOS (KOHA) |
| Fuente de la clasificación o esquema de estantería |
Clasificación Decimal Dewey |
| Tipo de ítem Koha |
TESIS |
| Parte de la signatura que identifica el ejemplar (Parte del ítem) |
TIGAL 0013 |
| Prefijo de la signatura |
Clasificación |
| Suprimir en OPAC |
No |
| -- |
TIGAL_0013_000000000000000 |